=LDR 00000nam 2200000 4500 =001 INLIS000000000030366 =005 20130612132522 =008 ***********************************Ind** =035 ##$$0010-061300000030366 =041 ##$$a Ind =082 ##$$a 540.76 =090 ##$$a 540.76, LEM l =245 ##$$a Lembar kegiatan siswa =260 ##$$a (19...) $b Surakarta =300 ##$$a 48 hlm., ilus., 26 cm =650 ##$$a Lembar kegiatan siswa SMU-kimia =850 ##$$a NBPNMAT